Исследовательская работа как залог формирования профессиональной компетенции специалиста (Запись № 11608088)

Подробности
000 -МАРКЕР
контрольное поле 02898nam0a2200313 4500
001 - ИДЕНТИФИКАТОР ЗАПИСИ
контрольное поле RU\NLR\BIBL_A\011746914
005 - ИДЕНТИФИКАТОР ВЕРСИИ
контрольное поле 20180807170155.0
021 ## - НОМЕР ГОСУДАРСТВЕННОЙ РЕГИСТРАЦИИ
Код страны Российская Федерация
Номер КН-П-18-041462
Номер Листа государственной регистраци КН-П-18-2990
035 ## - ДРУГИЕ СИСТЕМНЫЕ НОМЕРА
Идентификатор записи (NLR Aleph) 011746914
035 ## - ДРУГИЕ СИСТЕМНЫЕ НОМЕРА
Идентификатор записи (RuMoRGB)009653508
100 ## - ДАННЫЕ ОБЩЕЙ ОБРАБОТКИ
Данные общей обработки 20180710d2018 k y0rusy50 ca
101 0# - ЯЗЫК РЕСУРСА
Язык текста, звукозаписи и т.д. русский
-- английский
102 ## - СТРАНА ПУБЛИКАЦИИ ИЛИ ПРОИЗВОДСТВА
Страна публикации Российская Федерация
105 ## - ПОЛЕ КОДИРОВАННЫХ ДАННЫХ: ТЕКСТОВЫЕ МАТЕРИАЛЫ, МОНОГРАФИЧЕСКИЕ
Кодированные данные о монографическом текстовом документе a zzzz10100zy
200 1# - ЗАГЛАВИЕ И СВЕДЕНИЯ ОБ ОТВЕТСТВЕННОСТИ
Основное заглавие Исследовательская работа как залог формирования профессиональной компетенции специалиста
Сведения, относящиеся к заглавию материалы XVI Краевой научно-практической конференции обучающихся профессиональных образовательных организаций среднего профессионального образования Пермского края, 17 мая 2018 г.
Первые сведения об ответственности Министерство образования и науки Пермского края, Совет директоров профессиональных образовательных организаций среднего профессионального образования Пермского края, Совет заместителей директора по методической работе НОО СПО Пермского края, КГАПОУ "Краевой индустриальный техникум"
Последующие сведения об ответственности [составитель: В. П. Голубева, к.п.н.]
210 ## - ПУБЛИКАЦИЯ, РАСПРОСТРАНЕНИЕ И ДР.
Место издания, распространения и т.д. Пермь
Имя издателя, распространителя и т. д. КГАПОУ "Краевой индустриальный техникум"
Дата издания, распространения и т.д. 2018
215 ## - ФИЗИЧЕСКАЯ ХАРАКТЕРИСТИКА
Специфическое обозначение материала и объем 297 с.
Другие сведения о физической характеристике ил., цв. ил., табл.
Размеры 21
300 ## - ОБЩИЕ ПРИМЕЧАНИЯ
Текст примечания Текст рус., англ.
606 1# - НАИМЕНОВАНИЕ ТЕМЫ КАК ПРЕДМЕТ
Наименование темы Учреждения среднего профессионального образования
Тематический подзаголовок Научно-исследовательская работа учащихся
Формальный подзаголовок Съезды, совещания и т.п
Код системы nlr_sh2
Идентификатор авторитетной/нормативной записи RU\NLR\AUTH\661524743
686 1# - ИНДЕКСЫ ДРУГИХ КЛАССИФИКАЦИЙ
Индекс Ч471.268я431
702 #1 - ИМЯ ЛИЦА - ВТОРИЧНАЯ ОТВЕТСТВЕННОСТЬ
Начальный элемент ввода Голубева
Часть имени, кроме начального элемента ввода В. П.
Дополнения к именам, кроме дат канд. пед. наук
Расширение инициалов личного имени Виктория Петровна
Идентификатор авторитетной/нормативной записи RU\NLR\AUTH\770166684
Код отношения Составитель
711 12 - НАИМЕНОВАНИЕ ОРГАНИЗАЦИИ - АЛЬТЕРНАТИВНАЯ ОТВЕТСТВЕННОСТЬ
Начальный элемент ввода "Исследовательская работа как залог формирования профессиональной компетенции специалиста", краевая научно-практическая конференция обучающихся профессиональных образовательных организаций среднего профессионального образования
Порядковый номер временной организации и / или порядковый номер ее части 16
Дата проведения временной организации 2018
Место проведения временной организации Пермь
Идентификатор авторитетной/нормативной записи RU\NLR\AUTH\880476683
942 ## - ДОПОЛНИТЕЛЬНЫЕ ЭЛЕМЕНТЫ ЗАПИСИ (АБИС)
Тип экземпляра АБИС Книга
980 ## - КОЛЛЕКЦИЯ
Название коллекции НБР
980 ## - КОЛЛЕКЦИЯ
Название коллекции Национальная библиография

Нет доступных экземпляров.